Taylor Swift mystery lyrics #126 - Statistics

General Stats
  • This quiz has been taken 65 times
  • The average score is 112 of 175
Answer Stats
Answer % Correct
I
100%
you
98%
a
96%
it
93%
me
93%
we
93%
the
89%
The
89%
When
89%
to
87%
And
84%
and
84%
in
82%
so
82%
can
80%
is
80%
It's
80%
it's
80%
who
80%
but
78%
But
78%
on
78%
this
78%
for
76%
they
76%
are
75%
love
73%
never
71%
want
71%
was
69%
could
67%
ever
67%
been
65%
said
64%
Like
62%
more
62%
New
62%
new
62%
of
62%
beat
60%
them
60%
Welcome
60%
York
60%
know
58%
waiting
58%
our
56%
before
55%
girls
55%
here
55%
lights
53%
Boys
51%
boys
51%
bright
51%
put
51%
something
51%
dance
49%
Everybody
49%
Took
49%
any
47%
blind
47%
heard
47%
sound
47%
broken
45%
wanted
45%
hearts
44%
someone
44%
through
44%
else
42%
first
42%
forever
42%
hadn't
42%
Searching
42%
soundtrack
42%
village
42%
Walkin'
42%
crowd
40%
floors
40%
true
40%
apartment
38%
bags
38%
drawer
38%
wouldn't
38%
change
36%
anything
35%
changing
35%
crazy
35%
drives
35%
dropped
35%
keeps
35%
real
35%
aglow
33%
guessing
33%
great
31%
Kaleidoscope
31%
under
29%
coats
24%
heartbeats
24%
loud
24%
No matching quizzes found
Score Distribution
Percent of People with Each Score
Percentile by Number Answered
Your Score History
You have not taken this quiz